Normal view
MARC view
- Phondke B
Entry Personal Name
001 - CONTROL NUMBER
- control field: 217324
003 - CONTROL NUMBER IDENTIFIER
- control field: OSt
005 - DATE AND TIME OF LATEST TRANSACTION
- control field: 20260327131659.0
008 - FIXED-LENGTH DATA ELEMENTS
- fixed length control field: 260327|| aca||aabn | a|a d
040 ## - CATALOGING SOURCE
- Original cataloging agency: OSt
- Transcribing agency: OSt
100 ## - HEADING--PERSONAL NAME
- Personal name: Phondke B
670 ## - SOURCE DATA FOUND
- Source citation: Work cat.: (OSt)370785: Phondke B., आधुनिक महाराष्ट्राची जडणघडण शिल्पकार चरित्रकोश खंड ३: विज्ञान व तंत्रज्ञान आणि शिक्षण, 2010